[Event "Plzen, FSB A"]
[Site "?"]
[Date "2004.??.??"]
[Round "4.42"]
[White "van Himbergen, H."]
[Black "Ondrejat, M."]
[Result "0-1"]
[WhiteElo "1996"]
[BlackElo "2072"]
[PlyCount "76"]
[EventDate "2004.??.??"]
[Source "ChessBase"]
[SourceDate "1996.11.15"]

1. e4 d6 2. d4 Nf6 3. Nc3 g6 4. Bc4 Bg7 5. Qe2 Nc6 6. e5 Nxd4 7. exf6 Nxe2 8.
fxg7 Rg8 9. Ngxe2 Rxg7 10. Bh6 Rg8 11. O-O-O c6 12. Nf4 g5 13. Nh5 Rg6 14. Ng7+
Kd7 15. Nf5 Kc7 16. Bxf7 Bxf5 17. Bxg6 Bxg6 18. Bxg5 Qd7 19. Rhe1 Re8 20. Rd2
Qf5 21. h4 e5 22. f3 d5 23. Nd1 h5 24. Ne3 Qf7 25. Kb1 d4 26. Nf1 e4 27. fxe4
Rxe4 28. Red1 c5 29. g3 Qe6 30. Nh2 Re2 31. Bf4+ Kc8 32. Nf1 c4 33. Rxe2 Qxe2
34. Rc1 Bxc2+ 35. Rxc2 Qxf1+ 36. Rc1 Qd3+ 37. Ka1 b5 38. a3 Qe2 0-1

[Event "Plzen, FSB A"]
[Site "?"]
[Date "2004.??.??"]
[Round "4.43"]
[White "Spiesberger, G."]
[Black "Steinhauser, D."]
[Result "1-0"]
[WhiteElo "2070"]
[BlackElo "1753"]
[PlyCount "100"]
[EventDate "2004.??.??"]
[Source "ChessBase"]
[SourceDate "1996.11.15"]

1. e4 c5 2. Nf3 d6 3. Bc4 Nc6 4. O-O a6 5. c3 Nf6 6. d3 g6 7. Bb3 Bg7 8. Re1 b5
9. d4 c4 10. Bc2 e6 11. Nbd2 O-O 12. Nf1 e5 13. Bg5 Qb6 14. Ne3 h6 15. dxe5
dxe5 16. Nd5 Qd8 17. Nxf6+ Bxf6 18. Bxh6 Re8 19. Qxd8 Rxd8 20. h3 Bb7 21. Rad1
a5 22. Be3 Rxd1 23. Rxd1 Rd8 24. Bc5 Be7 25. Bxe7 Rxd1+ 26. Bxd1 Nxe7 27. Bc2
f6 28. Kf1 Kf7 29. Ke2 Ke6 30. Ke3 g5 31. h4 gxh4 32. Nxh4 Bc6 33. Nf3 Be8 34.
Nd2 Kd6 35. f4 exf4+ 36. Kxf4 Ke6 37. Bd1 Ng6+ 38. Ke3 Ne5 39. Be2 Kd6 40. g4
Bd7 41. Kf4 Ng6+ 42. Ke3 Ne5 43. a4 bxa4 44. Nxc4+ Nxc4+ 45. Bxc4 Bxg4 46. Kd4
Bd1 47. Bd5 Bb3 48. c4 a3 49. c5+ Kc7 50. Bxb3 a4 1-0

[Event "Plzen, FSB A"]
[Site "?"]
[Date "2004.??.??"]
[Round "4.44"]
[White "Fiala, J."]
[Black "Sedlacek, J."]
[Result "1-0"]
[WhiteElo "1914"]
[BlackElo "2069"]
[PlyCount "67"]
[EventDate "2004.??.??"]
[Source "ChessBase"]
[SourceDate "1996.11.15"]

1. e4 c5 2. Nf3 e6 3. d4 cxd4 4. Nxd4 a6 5. Bd3 Bc5 6. Nb3 Be7 7. Be3 Qc7 8.
Nc3 b5 9. O-O Nf6 10. f4 d6 11. e5 Nd5 12. Nxd5 exd5 13. exd6 Bxd6 14. Nd4 Bc5
15. Qf3 O-O 16. Rae1 g6 17. f5 Qb6 18. c3 b4 19. fxg6 hxg6 20. Kh1 Ra7 21. Bh6
Rd8 22. Nb3 Bf8 23. Be3 Qc7 24. Bxa7 Qxa7 25. Nd4 Bg7 26. Qe3 bxc3 27. bxc3 Rf8
28. Qe7 Qa8 29. Qc7 Nd7 30. Re7 Nf6 31. Bxg6 Ne8 32. Rxe8 fxg6 33. Rexf8+ Bxf8
34. Qf7+ 1-0

[Event "Plzen, FSB A"]
[Site "?"]
[Date "2004.??.??"]
[Round "4.45"]
[White "Vachtfeidl, P."]
[Black "Vojir sr., V."]
[Result "1-0"]
[WhiteElo "2060"]
[BlackElo "1721"]
[PlyCount "41"]
[EventDate "2004.??.??"]
[Source "ChessBase"]
[SourceDate "1996.11.15"]

1. e4 c6 2. d4 d5 3. exd5 cxd5 4. c3 e6 5. Nf3 Nd7 6. Bf4 Ngf6 7. Bd3 g6 8. O-O
Bg7 9. Re1 O-O 10. Qd2 Re8 11. Bh6 Bh8 12. Ne5 a6 13. Qf4 Qc7 14. Nd2 Nxe5 15.
dxe5 Nh5 16. Qe3 Ng7 17. g4 Re7 18. Bg5 Re8 19. Bf6 Rf8 20. Qh6 Bd7 21. Nf3 1-0

[Event "Plzen, FSB A"]
[Site "?"]
[Date "2004.??.??"]
[Round "4.46"]
[White "Svoboda, J."]
[Black "Kamenik, M."]
[Result "0-1"]
[WhiteElo "1769"]
[BlackElo "2057"]
[PlyCount "72"]
[EventDate "2004.??.??"]
[Source "ChessBase"]
[SourceDate "1996.11.15"]

1. c4 e5 2. Nc3 f5 3. g3 Nf6 4. Bg2 c6 5. Nf3 d6 6. d3 Be7 7. c5 Be6 8. O-O h6
9. e4 fxe4 10. dxe4 O-O 11. Nh4 dxc5 12. Ng6 Re8 13. Nxe5 Bd6 14. Ng6 Bf8 15.
Qc2 Na6 16. a3 c4 17. Rd1 Qc8 18. Nxf8 Rxf8 19. f4 Nc5 20. f5 Bf7 21. e5 Bh5
22. exf6 Bxd1 23. Nxd1 b5 24. fxg7 Re8 25. Be3 Nd3 26. f6 Qe6 27. Qc3 Rad8 28.
Rb1 Qf5 29. Bxc6 Re6 30. Bg2 Rxf6 31. Ra1 Re6 32. Qd2 Rde8 33. Nc3 Rxe3 34. Rf1
Re1 35. Ne4 Rxf1+ 36. Bxf1 Rxe4 0-1

[Event "Plzen, FSB A"]
[Site "?"]
[Date "2004.??.??"]
[Round "4.47"]
[White "Rakous, P."]
[Black "Hyrs, M."]
[Result "0-1"]
[WhiteElo "1716"]
[BlackElo "2108"]
[PlyCount "88"]
[EventDate "2004.??.??"]
[Source "ChessBase"]
[SourceDate "1996.11.15"]

1. d4 Nf6 2. c4 e6 3. Nc3 c5 4. d5 exd5 5. cxd5 d6 6. e4 g6 7. Nf3 Bg7 8. Bd3
O-O 9. O-O a6 10. a4 Re8 11. Re1 Bg4 12. h3 Bxf3 13. Qxf3 Nbd7 14. Bf4 Ne5 15.
Bxe5 Rxe5 16. Qd1 Qb6 17. Qc2 Rae8 18. a5 Qc7 19. f4 R5e7 20. Ra4 Nh5 21. Ne2
Nf6 22. Rf1 Rc8 23. Kh1 Nd7 24. Rc1 b5 25. axb6 Nxb6 26. Rxa6 c4 27. Bxc4 Qxc4
28. Qxc4 Nxc4 29. b3 Rxe4 30. Ng3 Re3 31. Rxc4 Rxc4 32. bxc4 Rxg3 33. Rxd6 Rc3
34. Rc6 Bh6 35. f5 Rc1+ 36. Kh2 Bf4+ 37. g3 Rc2+ 38. Kh1 Bxg3 39. f6 h5 40. d6
Rd2 41. c5 g5 42. Rc8+ Kh7 43. Re8 Kg6 44. Re3 Bxd6 0-1

[Event "Plzen, FSB A"]
[Site "?"]
[Date "2004.??.??"]
[Round "4.48"]
[White "Steinhauser, F."]
[Black "Snaidr, J."]
[Result "0-1"]
[WhiteElo "1775"]
[BlackElo "2063"]
[PlyCount "70"]
[EventDate "2004.??.??"]
[Source "ChessBase"]
[SourceDate "1996.11.15"]

1. e4 c5 2. Nf3 d6 3. d4 cxd4 4. Nxd4 Nf6 5. Nc3 Nc6 6. Bc4 Bd7 7. Be3 Ng4 8.
Nxc6 bxc6 9. O-O Nxe3 10. fxe3 e6 11. Qh5 g6 12. Qf3 Qe7 13. e5 d5 14. Bd3 Bg7
15. Qf4 O-O 16. Rf3 Rab8 17. a3 c5 18. Ra2 Bc6 19. Rh3 c4 20. Be2 Qc7 21. Qh4
h6 22. Nd1 Ba4 23. Nf2 Qxe5 24. c3 Bb3 25. Ra1 Qg5 26. Qxg5 hxg5 27. Rg3 Bc2
28. e4 Rxb2 29. exd5 exd5 30. Rxg5 Bf5 31. Bf3 Bh6 32. Rxf5 gxf5 33. Bxd5 Be3
34. Rf1 Rd8 35. Bxc4 Rdd2 0-1

[Event "Plzen, FSB A"]
[Site "?"]
[Date "2004.??.??"]
[Round "4.49"]
[White "Simunek, F."]
[Black "Sladek, J."]
[Result "1-0"]
[WhiteElo "1877"]
[BlackElo "2042"]
[PlyCount "117"]
[EventDate "2004.??.??"]
[Source "ChessBase"]
[SourceDate "1996.11.15"]

1. e4 d5 2. exd5 Nf6 3. c4 e6 4. dxe6 Bxe6 5. Nf3 Nc6 6. Be2 Bc5 7. O-O O-O 8.
d3 h6 9. Nbd2 Qd6 10. Nb3 Nd4 11. Nbxd4 Bxd4 12. Nxd4 Qxd4 13. Be3 Qxb2 14. Rb1
Qxa2 15. Bd4 Qa6 16. Bc5 b6 17. Bxf8 Rxf8 18. Ra1 Qb7 19. Bf3 c6 20. Qa4 a5 21.
d4 Bd7 22. Rfb1 Qc7 23. Qb3 b5 24. cxb5 cxb5 25. Rc1 Qb6 26. Qa3 Qxd4 27. Qxa5
b4 28. Rab1 Rb8 29. Rd1 Qb6 30. Qxb6 Rxb6 31. Rd4 b3 32. Bd1 Be6 33. Rd3 Bf5
34. Rd8+ Kh7 35. Rxb3 Re6 36. h3 Re1+ 37. Kh2 Be6 38. Bc2+ g6 39. Re3 Rxe3 40.
fxe3 Kg7 41. Kg3 Nd5 42. Kf3 Nf6 43. Rb8 Bd5+ 44. e4 Be6 45. Bb3 Bxb3 46. Rxb3
Nd7 47. Rb7 Nf8 48. Kf4 Ne6+ 49. Ke5 Nc5 50. Rc7 Ne6 51. Kd6 Nf4 52. e5 g5 53.
g3 Ne6 54. Re7 Nd4 55. Rb7 Nf5+ 56. Kd7 Nd4 57. Ke8 Ne6 58. Rxf7+ Kg8 59. Re7
1-0

[Event "Plzen, FSB A"]
[Site "?"]
[Date "2004.??.??"]
[Round "4.50"]
[White "Zimmer, C."]
[Black "Vojir jr., V."]
[Result "1/2-1/2"]
[WhiteElo "2020"]
[BlackElo "1863"]
[PlyCount "101"]
[EventDate "2004.??.??"]
[Source "ChessBase"]
[SourceDate "1996.11.15"]

1. c4 c6 2. Nc3 d5 3. cxd5 cxd5 4. d4 Nf6 5. Nf3 Nc6 6. Bf4 a6 7. e3 Qb6 8. Qd2
Bf5 9. Be2 e6 10. a3 Ne4 11. Nxe4 Bxe4 12. O-O Be7 13. b4 O-O 14. Ne5 Nxe5 15.
Bxe5 f6 16. Bg3 Rfc8 17. Rfc1 Qd8 18. Rxc8 Rxc8 19. Rc1 b5 20. Rc3 Qd7 21. Qc1
Rxc3 22. Qxc3 Kf7 23. h3 h6 24. Bh2 Bg6 25. g4 Kf8 26. Bc7 Be8 27. Bb6 Qc6 28.
Bc5 Kf7 29. Qc2 g6 30. Bd3 f5 31. gxf5 exf5 32. Bf1 Bd7 33. Bg2 Be6 34. Qe2 Bd8
35. f4 Bh4 36. Qf3 Kg7 37. Qe2 Kf6 38. Bf3 Kg7 39. Qg2 Bf7 40. Qc2 Qe6 41. Qd2
g5 42. Kf1 Qg6 43. Qg2 Qe6 44. Ke2 Kh7 45. Kd2 gxf4 46. exf4 Qe1+ 47. Kc2 Qe3
48. Bxd5 Bxd5 49. Qxd5 Qe2+ 50. Kc1 Qe1+ 51. Kc2 1/2-1/2

[Event "Plzen, FSB A"]
[Site "?"]
[Date "2004.??.??"]
[Round "4.51"]
[White "Drahorad, D."]
[Black "Hava, P."]
[Result "1-0"]
[WhiteElo "1977"]
[BlackElo "1770"]
[PlyCount "51"]
[EventDate "2004.??.??"]
[Source "ChessBase"]
[SourceDate "1996.11.15"]

1. e4 e6 2. d4 d5 3. Nc3 Bb4 4. e5 c5 5. a3 Bxc3+ 6. bxc3 Qc7 7. Nf3 Nc6 8. Bd3
cxd4 9. cxd4 Nxd4 10. Nxd4 Qc3+ 11. Qd2 Qxa1 12. c3 Bd7 13. O-O Ne7 14. Bb2 Qa2
15. Ra1 Qxa1+ 16. Bxa1 O-O 17. f4 Rfc8 18. Bb2 Rc7 19. h3 Rac8 20. Qe1 Ng6 21.
Bxg6 hxg6 22. Qh4 Ba4 23. Nf3 Be8 24. Ng5 Rc6 25. a4 f6 26. Qh7+ 1-0

[Event "Plzen, FSB A"]
[Site "?"]
[Date "2004.??.??"]
[Round "4.52"]
[White "Kovarik, J."]
[Black "Kriz, D."]
[Result "0-1"]
[WhiteElo "1959"]
[BlackElo "1732"]
[PlyCount "52"]
[EventDate "2004.??.??"]
[Source "ChessBase"]
[SourceDate "1996.11.15"]

1. Nf3 g6 2. d4 Bg7 3. c4 Nf6 4. Nc3 d6 5. g3 O-O 6. Bg2 Nbd7 7. O-O c5 8. e3
Nb6 9. Qe2 cxd4 10. exd4 Qc7 11. b3 Bd7 12. Bb2 Rfe8 13. Rfe1 e5 14. d5 a6 15.
Rad1 e4 16. Ng5 Bg4 17. Qd2 Bxd1 18. Nxd1 h6 19. Bxf6 Bxf6 20. Nxe4 Bg7 21. Qf4
f5 22. Ne3 fxe4 23. Bxe4 Qf7 24. Qxd6 Rxe4 25. Qxb6 Rf8 26. Nc2 Bd4 0-1

[Event "Plzen, FSB A"]
[Site "?"]
[Date "2004.??.??"]
[Round "4.53"]
[White "Pahorecky, J."]
[Black "Bonetti, C."]
[Result "1-0"]
[WhiteElo "1946"]
[BlackElo "2032"]
[PlyCount "37"]
[EventDate "2004.??.??"]
[Source "ChessBase"]
[SourceDate "1996.11.15"]

1. e4 e6 2. d4 d5 3. e5 c5 4. c3 Qb6 5. Nf3 Nc6 6. Bd3 cxd4 7. cxd4 Bd7 8. O-O
Nxd4 9. Nxd4 Qxd4 10. Nc3 Qb6 11. Qg4 f5 12. exf6 Nxf6 13. Qg3 g6 14. Bxg6+
hxg6 15. Qxg6+ Ke7 16. Bg5 Qd4 17. Rad1 Qe5 18. Nxd5+ Kd6 19. Bf4 1-0

[Event "Plzen, FSB A"]
[Site "?"]
[Date "2004.??.??"]
[Round "4.54"]
[White "Goldobin, T."]
[Black "Woudstra, W."]
[Result "1-0"]
[WhiteElo "2027"]
[BlackElo "1781"]
[PlyCount "69"]
[EventDate "2004.??.??"]
[Source "ChessBase"]
[SourceDate "1996.11.15"]

1. c4 Nf6 2. Nc3 c5 3. g3 Nc6 4. Bg2 g6 5. Nf3 Bg7 6. O-O O-O 7. d4 cxd4 8.
Nxd4 Nxd4 9. Qxd4 d6 10. Qd3 Be6 11. Bxb7 Qc7 12. Bxa8 Rxa8 13. Nd5 Qb7 14. e4
Nxd5 15. cxd5 Bh3 16. Re1 Rc8 17. Re2 f5 18. f3 Bf6 19. Be3 fxe4 20. fxe4 Qc7
21. Rb1 Bg4 22. Rf2 Bh3 23. b4 Kg7 24. Rd2 h5 25. Bd4 Rf8 26. Rf2 Bxd4 27.
Qxd4+ Rf6 28. a4 Kh7 29. Rxf6 exf6 30. Re1 Qc2 31. Qxa7+ Kh6 32. Qe3+ Kg7 33.
Qa7+ Kh6 34. Qf2 Qc3 35. Qe3+ 1-0

[Event "Plzen, FSB A"]
[Site "?"]
[Date "2004.??.??"]
[Round "5.1"]
[White "Fiala, R."]
[Black "Cvek, R."]
[Result "1-0"]
[WhiteElo "2324"]
[BlackElo "2461"]
[PlyCount "71"]
[EventDate "2004.??.??"]
[Source "ChessBase"]
[SourceDate "1996.11.15"]

1. e4 c5 2. Nf3 Nc6 3. d4 cxd4 4. Nxd4 Nf6 5. Nc3 d6 6. Bb5 Bd7 7. Bg5 a6 8.
Bxc6 bxc6 9. Qf3 e5 10. Nf5 Bxf5 11. Qxf5 Qd7 12. Qf3 Be7 13. O-O-O Qe6 14. b3
O-O 15. Rd3 Ne8 16. h4 Nc7 17. g4 Rfd8 18. Qf5 g6 19. Qxe6 Bxg5+ 20. hxg5 fxe6
21. Rhd1 d5 22. Re1 Rf8 23. f3 d4 24. Na4 Rab8 25. Nb2 a5 26. Nc4 Rb5 27. a4
Rc5 28. c3 dxc3 29. Rd7 Na6 30. Rh1 Rxf3 31. Rdxh7 Rf1+ 32. Rxf1 Kxh7 33. Rf7+
Kg8 34. Ra7 Nb4 35. Rxa5 Rxa5 36. Nxa5 1-0

[Event "Plzen, FSB A"]
[Site "?"]
[Date "2004.??.??"]
[Round "5.2"]
[White "Zawadzka, J."]
[Black "Berescu, A."]
[Result "0-1"]
[WhiteElo "2272"]
[BlackElo "2404"]
[PlyCount "134"]
[EventDate "2004.??.??"]
[Source "ChessBase"]
[SourceDate "1996.11.15"]

1. e4 e6 2. d4 d5 3. Nc3 Bb4 4. e5 Ne7 5. a3 Bxc3+ 6. bxc3 b6 7. Qg4 Ng6 8. h4
h5 9. Qg3 Ba6 10. Bxa6 Nxa6 11. Bg5 Qd7 12. Ne2 Qa4 13. O-O Qxc2 14. Qf3 c5 15.
Ng3 c4 16. Nxh5 Rh7 17. a4 Qd3 18. Qxd3 cxd3 19. g4 Rc8 20. Ra3 Rc4 21. Rd1
Nxe5 22. dxe5 Rxg4+ 23. Ng3 Nc5 24. a5 bxa5 25. Rxa5 Nd7 26. Rxa7 f6 27. Bd2
Rhxh4 28. Rb1 Ra4 29. Rxa4 Rxa4 30. exf6 gxf6 31. Re1 Kf7 32. Re3 Nc5 33. Rf3
Ra2 34. Nf1 Rc2 35. Rh3 e5 36. f3 Nb3 37. Rh2 Ke6 38. Be1 Rc1 39. Bd2 Nxd2 40.
Rxd2 Rxc3 41. Kf2 f5 42. Rd1 f4 43. Nd2 Rc2 44. Ke1 Kf5 45. Ra1 e4 46. fxe4+
dxe4 47. Ra5+ Kg4 48. Nxe4 Re2+ 49. Kf1 Rxe4 50. Rd5 Re3 51. Kf2 Rg3 52. Rd8
Kf5 53. Rf8+ Ke4 54. Re8+ Kd4 55. Rf8 Kc3 56. Rc8+ Kd2 57. Rf8 Rg7 58. Rxf4 Re7
59. Rf8 Kc2 60. Rc8+ Kd1 61. Rd8 d2 62. Rc8 Rf7+ 63. Kg3 Rf5 64. Kg4 Rf1 65.
Kg3 Ke2 66. Re8+ Kd3 67. Rd8+ Kc3 0-1

[Event "Plzen, FSB A"]
[Site "?"]
[Date "2004.??.??"]
[Round "5.3"]
[White "Zeleny, T."]
[Black "Hagarova, Z."]
[Result "0-1"]
[WhiteElo "2254"]
[BlackElo "2330"]
[PlyCount "60"]
[EventDate "2004.??.??"]
[Source "ChessBase"]
[SourceDate "1996.11.15"]

1. e4 c5 2. Nf3 Nc6 3. d4 cxd4 4. Nxd4 Nf6 5. Nc3 e5 6. Ndb5 d6 7. Bg5 a6 8.
Na3 b5 9. Bxf6 gxf6 10. Nd5 f5 11. g3 Bg7 12. Bg2 O-O 13. exf5 e4 14. c3 Bxf5
15. O-O Ne5 16. Re1 Bg4 17. Qd2 f5 18. Ne3 Bf3 19. Nac2 f4 20. Qd5+ Kh8 21. Nf1
fxg3 22. fxg3 e3 23. Qb3 Bxg2 24. Kxg2 Rf2+ 25. Kh1 e2 26. Nd2 Nd3 27. Ne4 Qf8
28. Nxf2 Qf3+ 29. Kg1 Qxf2+ 30. Kh1 Nxe1 0-1

[Event "Plzen, FSB A"]
[Site "?"]
[Date "2004.??.??"]
[Round "5.4"]
[White "Plischki, S."]
[Black "Sikora-Lerch, J."]
[Result "1-0"]
[WhiteElo "2325"]
[BlackElo "2320"]
[PlyCount "111"]
[EventDate "2004.??.??"]
[Source "ChessBase"]
[SourceDate "1996.11.15"]

1. d4 c5 2. d5 Nf6 3. c4 e6 4. Nc3 exd5 5. cxd5 d6 6. e4 g6 7. Bd3 Bg7 8. h3
O-O 9. Nf3 Nbd7 10. O-O a6 11. a4 Qe7 12. Bf4 Nh5 13. Bh2 Bh6 14. Re1 Nf4 15.
Bf1 g5 16. Rb1 Ne5 17. Nxe5 Qxe5 18. a5 Bg7 19. Na4 f5 20. Nb6 Rb8 21. Nc4 Qf6
22. e5 dxe5 23. Nxe5 Re8 24. Ng4 Qf8 25. Rxe8 Qxe8 26. Ne3 Bd7 27. Qd2 Rd8 28.
b4 Qe4 29. Rb3 Ba4 30. Ra3 Bb5 31. bxc5 Bxf1 32. Bxf4 gxf4 33. Nxf1 Rxd5 34.
Qc1 Rd4 35. Rb3 Qd5 36. c6 bxc6 37. Rb8+ Bf8 38. Kh2 c5 39. Rc8 Qd6 40. Qc2 Qe6
41. Qxc5 Qd6 42. Qxf5 Rd1 43. Rxf8+ Qxf8 44. Qg4+ Kf7 45. Qxd1 Qc5 46. Qf3 Qxa5
47. Qxf4+ Ke7 48. Ne3 Qc5 49. Qe4+ Kd6 50. Qxh7 a5 51. Qg6+ Kc7 52. Qc2 Kb6 53.
Qxc5+ Kxc5 54. h4 a4 55. Nc2 Kc4 56. h5 1-0

[Event "Plzen, FSB A"]
[Site "?"]
[Date "2004.??.??"]
[Round "5.5"]
[White "Gajewski, G."]
[Black "Franchini, G."]
[Result "1-0"]
[WhiteElo "2439"]
[BlackElo "2215"]
[PlyCount "35"]
[EventDate "2004.??.??"]
[Source "ChessBase"]
[SourceDate "1996.11.15"]

1. e4 e6 2. Nf3 d5 3. e5 c5 4. b4 cxb4 5. a3 d4 6. axb4 Bxb4 7. c3 dxc3 8. Qa4+
Nc6 9. dxc3 Bc5 10. Nbd2 f5 11. Nb3 Bb6 12. Ba3 Bd7 13. Qf4 Nge7 14. Rd1 Ng6
15. Qg3 Qb8 16. Bb5 Ncxe5 17. Bd6 f4 18. Qh3 1-0

[Event "Plzen, FSB A"]
[Site "?"]
[Date "2004.??.??"]
[Round "5.6"]
[White "Rehorek, M."]
[Black "Neuman, P."]
[Result "0-1"]
[WhiteElo "2300"]
[BlackElo "2428"]
[PlyCount "52"]
[EventDate "2004.??.??"]
[Source "ChessBase"]
[SourceDate "1996.11.15"]

1. Nf3 d6 2. g3 e5 3. Bg2 g6 4. d3 Bg7 5. c4 f5 6. Nc3 Nf6 7. Bd2 h6 8. Qc1 g5
9. h4 g4 10. Ng1 Nbd7 11. Rb1 a5 12. b3 Nc5 13. a3 Nh5 14. b4 axb4 15. axb4 Ne6
16. e3 O-O 17. Nge2 c6 18. f4 exf4 19. exf4 Nd4 20. O-O Re8 21. Be3 Nxe2+ 22.
Nxe2 Qe7 23. Bf2 Qxe2 24. Bd5+ cxd5 25. Re1 Qxf2+ 26. Kxf2 Ra2+ 0-1

[Event "Plzen, FSB A"]
[Site "?"]
[Date "2004.??.??"]
[Round "5.7"]
[White "Zawadzki, S."]
[Black "Galicek, S."]
[Result "1-0"]
[WhiteElo "2428"]
[BlackElo "2181"]
[PlyCount "47"]
[EventDate "2004.??.??"]
[Source "ChessBase"]
[SourceDate "1996.11.15"]

1. e4 c5 2. Nf3 d6 3. d4 cxd4 4. Nxd4 Nf6 5. Nc3 a6 6. Be3 e6 7. Be2 Be7 8. f4
Qc7 9. O-O O-O 10. g4 Re8 11. g5 Nfd7 12. f5 Ne5 13. f6 Bf8 14. fxg7 Bxg7 15.
Bd3 Nbd7 16. Qh5 b5 17. Rf2 Nc5 18. Raf1 Re7 19. Nf5 exf5 20. Nd5 Qd8 21. Nf6+
Bxf6 22. gxf6 Re6 23. Rg2+ Ng6 24. exf5 1-0

[Event "Plzen, FSB A"]
[Site "?"]
[Date "2004.??.??"]
[Round "5.8"]
[White "Grunberg, M."]
[Black "Vasicek, M."]
[Result "1-0"]
[WhiteElo "2403"]
[BlackElo "2175"]
[PlyCount "57"]
[EventDate "2004.??.??"]
[Source "ChessBase"]
[SourceDate "1996.11.15"]

1. Nf3 Nf6 2. c4 e6 3. g3 b6 4. Bg2 Bb7 5. O-O Be7 6. Nc3 O-O 7. d4 d5 8. Ne5
Nbd7 9. cxd5 exd5 10. Qa4 Nxe5 11. dxe5 Ne8 12. Nxd5 Bxd5 13. Rd1 c6 14. e4 Nc7
15. exd5 cxd5 16. Be3 Bc5 17. Bxc5 bxc5 18. Qc6 d4 19. Qxc5 Ne6 20. Qa3 Rb8 21.
Qxa7 Rxb2 22. a4 Qg5 23. a5 Rc8 24. a6 Qf5 25. Rf1 Qxe5 26. Qd7 Rd8 27. Qxd8+
Nxd8 28. a7 Rb8 29. Rfe1 1-0

[Event "Plzen, FSB A"]
[Site "?"]
[Date "2004.??.??"]
[Round "5.9"]
[White "Novak, P."]
[Black "Kriz, L."]
[Result "1-0"]
[WhiteElo "2323"]
[BlackElo "2072"]
[PlyCount "53"]
[EventDate "2004.??.??"]
[Source "ChessBase"]
[SourceDate "1996.11.15"]

1. e4 e5 2. Nf3 Nf6 3. Nxe5 d6 4. Nf3 Nxe4 5. d4 d5 6. Bd3 Be7 7. O-O O-O 8. c4
Nc6 9. cxd5 Qxd5 10. Re1 Nf6 11. Nc3 Qd8 12. h3 Nb4 13. Bc4 c6 14. Bg5 Nbd5 15.
Ne5 Be6 16. Qb3 Rb8 17. Rac1 Re8 18. Kh1 Nc7 19. Nxf7 Kxf7 20. Bxe6+ Nxe6 21.
Rxe6 Nd5 22. Rxe7+ Rxe7 23. Bxe7 Kxe7 24. Nxd5+ cxd5 25. Qg3 Kf8 26. Rc7 Qf6
27. Rxg7 1-0

[Event "Plzen, FSB A"]
[Site "?"]
[Date "2004.??.??"]
[Round "5.10"]
[White "Petr, M."]
[Black "Jaros, M."]
[Result "1/2-1/2"]
[WhiteElo "2307"]
[BlackElo "2169"]
[PlyCount "120"]
[EventDate "2004.??.??"]
[Source "ChessBase"]
[SourceDate "1996.11.15"]

1. d4 Nf6 2. c4 g6 3. Nc3 Bg7 4. e4 d6 5. h3 O-O 6. Bg5 h6 7. Be3 c5 8. d5 e6
9. Qd2 exd5 10. exd5 Re8 11. Be2 Kh7 12. Nf3 Bf5 13. O-O Ne4 14. Nxe4 Bxe4 15.
Rae1 Nd7 16. Nh2 Nf6 17. g4 Nd7 18. Bf4 g5 19. Bxd6 Qf6 20. Bd3 Qxd6 21. Rxe4
Rxe4 22. Bxe4+ Kg8 23. b3 Ne5 24. f4 Nd7 25. Kg2 Re8 26. Bd3 Bd4 27. fxg5 Be3
28. Qe2 Re7 29. Qf3 Bxg5 30. Qf5 Kf8 31. Nf3 Be3 32. Qh7 Ke8 33. Nh4 Qe5 34.
Qg8+ Nf8 35. Ng6 fxg6 36. Rxf8+ Kd7 37. Qxg6 Qb2+ 38. Kh1 Qa1+ 39. Rf1 Qd4 40.
Rf8 Qa1+ 41. Bb1 Bg5 42. Rf1 Qd4 43. Qg8 Re2 44. Qf8 Qe5 45. Qf5+ Qxf5 46. gxf5
Bf6 47. Rg1 Bd4 48. Rf1 Ke7 49. Bd3 Re3 50. Rd1 Rxh3+ 51. Kg2 Re3 52. Rd2 Kf6
53. Bc2 h5 54. Kf1 h4 55. Rd3 Rxd3 56. Bxd3 h3 57. Ke2 Be5 58. Kf3 Kg5 59. Be4
b6 60. a3 h2 1/2-1/2

[Event "Plzen, FSB A"]
[Site "?"]
[Date "2004.??.??"]
[Round "5.12"]
[White "Simunek, A."]
[Black "Heinzel, O."]
[Result "0-1"]
[WhiteElo "2200"]
[BlackElo "2402"]
[PlyCount "116"]
[EventDate "2004.??.??"]
[Source "ChessBase"]
[SourceDate "1996.11.15"]

1. e4 d5 2. exd5 Qxd5 3. Nc3 Qa5 4. d4 c6 5. Nf3 Nf6 6. Bd2 Bf5 7. Bc4 Nbd7 8.
Nd5 Qd8 9. Ne3 Bg6 10. h4 e6 11. Ne5 Nxe5 12. dxe5 Nd7 13. h5 Be4 14. Qg4 Bd5
15. f4 Qb6 16. O-O-O O-O-O 17. Rh3 f5 18. exf6 Nxf6 19. Qe2 Ne4 20. f5 Be7 21.
Nxd5 exd5 22. Be3 Bc5 23. Bd3 Rde8 24. Bxc5 Qxc5 25. Re3 Nf6 26. Re6 h6 27. Re1
Qb4 28. g3 Qa5 29. a3 Qc7 30. Qe3 Qb6 31. Qe5 Qc7 32. Qxf6 gxf6 33. Rxe8+ Rxe8
34. Rxe8+ Kd7 35. Re3 Qb6 36. Rf3 Qg1+ 37. Kd2 Qh2+ 38. Be2 Qxh5 39. a4 b6 40.
b3 Kd6 41. Kd3 Qg5 42. Kc3 Qc1 43. Kd3 Qg5 44. Kc3 a5 45. Kd3 Qg4 46. Kd2 b5
47. axb5 cxb5 48. c4 bxc4 49. bxc4 d4 50. Rf4 Qg5 51. Kc2 Kc5 52. Rf3 a4 53.
Bd3 Qg4 54. Be2 Qe4+ 55. Kd2 Qb7 56. Kc2 Qb4 57. g4 a3 58. Rb3 Qa4 0-1

[Event "Plzen, FSB A"]
[Site "?"]
[Date "2004.??.??"]
[Round "5.13"]
[White "Jurek, J."]
[Black "Tuma, J."]
[Result "1/2-1/2"]
[WhiteElo "2387"]
[BlackElo "2192"]
[PlyCount "120"]
[EventDate "2004.??.??"]
[Source "ChessBase"]
[SourceDate "1996.11.15"]

1. c4 e6 2. Nf3 d5 3. d4 c6 4. Qc2 Nf6 5. g3 Bd6 6. Bg2 Nbd7 7. O-O Qe7 8. Nbd2
O-O 9. Re1 Re8 10. e4 Nxe4 11. Nxe4 dxe4 12. Rxe4 e5 13. Re1 Qf8 14. Ng5 Nf6
15. c5 Bc7 16. d5 cxd5 17. Bxd5 Re7 18. c6 bxc6 19. Bxc6 Rb8 20. Be3 Bb6 21.
Rac1 Bg4 22. h3 Bh5 23. Qc3 Qd8 24. b4 Bd4 25. Qb3 h6 26. Ne4 Re6 27. Nxf6+
Rxf6 28. b5 Qb6 29. a4 Bg6 30. Qd5 Rd8 31. Qxe5 Bxe5 32. Bxb6 axb6 33. Rxe5 Rd2
34. a5 bxa5 35. b6 Rb2 36. b7 Rxc6 37. Rxc6 Rxb7 38. Rc8+ Kh7 39. Ra8 Rb1+ 40.
Kg2 Bd3 41. Raxa5 Bf1+ 42. Kh2 Bc4 43. g4 g5 44. Re8 Kg7 45. Rd8 Rb2 46. Kg2
Bb5 47. Rd6 Bc4 48. Rc5 Be6 49. Rd3 Rb1 50. Kf3 Re1 51. Re3 Rf1 52. Ke2 Ra1 53.
Kd3 Rf1 54. Rf3 Re1 55. Kd4 Kg6 56. Re5 Rg1 57. Kc5 Rd1 58. Kc6 Rd2 59. Rc5 Rd4
60. Rfc3 Rf4 1/2-1/2

[Event "Plzen, FSB A"]
[Site "?"]
[Date "2004.??.??"]
[Round "5.14"]
[White "Kana, P."]
[Black "Cernousek, L."]
[Result "0-1"]
[WhiteElo "2159"]
[BlackElo "2378"]
[PlyCount "50"]
[EventDate "2004.??.??"]
[Source "ChessBase"]
[SourceDate "1996.11.15"]

1. e4 c5 2. Nf3 d6 3. d4 Nf6 4. Nc3 cxd4 5. Nxd4 g6 6. Be3 Bg7 7. Be2 Nc6 8.
Nb3 O-O 9. f4 a5 10. a4 Be6 11. g4 d5 12. f5 Bc8 13. exd5 Nb4 14. Bf3 gxf5 15.
h3 Qd6 16. g5 Qg3+ 17. Ke2 Ne4 18. Nd4 Qe5 19. Rg1 Nxc3+ 20. bxc3 f4 21. Qc1
fxe3 22. cxb4 Qxd4 23. Ra3 Qc4+ 24. Kd1 e2+ 25. Bxe2 Qd4+ 0-1

[Event "Plzen, FSB A"]
[Site "?"]
[Date "2004.??.??"]
[Round "5.15"]
[White "Michalek, J."]
[Black "Bujak, M."]
[Result "1-0"]
[WhiteElo "2377"]
[BlackElo "2179"]
[PlyCount "69"]
[EventDate "2004.??.??"]
[Source "ChessBase"]
[SourceDate "1996.11.15"]

1. e4 e5 2. Nf3 Nc6 3. Bc4 Nf6 4. d3 Be7 5. O-O O-O 6. c3 d6 7. h3 Be6 8. Bb5
Nd7 9. d4 exd4 10. cxd4 d5 11. exd5 Bxd5 12. Be3 Bf6 13. Nc3 Nb6 14. Rc1 Ne7
15. Re1 c6 16. Bd3 Re8 17. Ne5 Be6 18. Ng4 Ned5 19. Nxf6+ Nxf6 20. Bg5 h6 21.
Bh4 Kf8 22. Bb1 Nbd5 23. Qf3 Qa5 24. a3 Qb6 25. Qd3 Qxb2 26. Nxd5 cxd5 27. Bxf6
gxf6 28. Qe3 Rac8 29. Qxh6+ Ke7 30. Rcd1 Rc4 31. Bf5 Qxa3 32. Qg7 Kd6 33. Qxf6
a5 34. h4 Kd7 35. Qxf7+ 1-0